Guarat Unknown (Record no. 14375)

MARC details
000 -LEADER
fixed length control field 00603nam a2200229 a 4500
020 ## - INTERNATIONAL STANDARD BOOK NUMBER
ISBN 8183240526
082 00 - DEWEY DECIMAL CLASSIFICATION NUMBER
Classification number 306.0954
Author Cutter BUR
100 ## - MAIN ENTRY--AUTHOR NAME
Author name Burman, J J Roy
245 ## - TITLE STATEMENT
Title Guarat Unknown
Sub title Hindu-Muslims Syncretism and Humanistic Forays
260 ## - PUBLICATION, DISTRIBUTION, ETC. (IMPRINT)
Place of publication Delhi
Name of publisher Mittal Publication
Year of publication 2005
300 ## - PHYSICAL DESCRIPTION
Number of Pages 212p
500 ## - GENERAL NOTE
General note includes index and biblioraphy
650 ## - SUBJECT ADDED ENTRY--TOPICAL TERM
Topical Term Culture-India
942 ## - ADDED ENTRY ELEMENTS (KOHA)
Koha item type Books
700 1# -
-- Burman, J J Roy
Holdings
Collection code Home library Current library Date acquired Cost, normal purchase price Full call number Accession Number Koha item type
  Henry Martyn Institute Library Henry Martyn Institute Library 08/11/2008 575.00 306.0954 BUR 022325 Books
                   Copyright © 2026 | Henry Martyn Institute | Hyderabad | TS-500052 | INDIA | Implemented by hmi.edu.in
Hit-Count:

Powered by Koha